000 00398nam a2200157Ia 4500
008 240729s9999 xx 000 0 und d
022 _a2331-8325
245 0 _aBio-Protocol
260 _aUnited States
260 _bBio-protocol LLC
650 _a Biology (General)
650 _aScience
856 _uhttps://doaj.org/toc/c0245884d4db45d3aca86a07d49a6635
942 _2ddc
942 _cDOAJEJ
999 _c74554
_d74554
945 _a1
_bMadushi Gamage
_c1
_dMadushi Gamage